Central Library, Doon University
WEBOPAC (ONLINE PUBLIC ACCESS CATALOGUE)

Cyber laws (Record no. 59998)

MARC details
000 -LEADER
fixed length control field 00439nam a22001817a 4500
005 - DATE & TIME
control field 20260116165041.0
008 - FIXED-LENGTH DATA ELEMENTS--GENERAL INFORMATION
fixed length control field 260116b |||||||| |||| 00| 0 eng d
020 ## - ISBN
International Standard Book Number 9789351437338
Price 795.00
040 ## - CATALOGING SOURCE
Original cataloging agency Doon University
041 ## - Language
Language English
082 ## - DDC NUMBER
Classification number 005.8
Book Number SIN
100 ## - MAIN ENTRY--PERSONAL NAME
Personal name Singh, Justice Yatindra
245 ## - TITLE STATEMENT
Title Cyber laws
260 ## - PUBLICATION, DISTRIBUTION, ETC. (IMPRINT)
Place of publication, distribution, etc Haryana
Name of publisher, distributor, etc Lexix Nexis
Date of publication, distribution, etc 2024
300 ## - PHYSICAL DESCRIPTION
Pages 468
650 ## - Subject
Subject Computer Science
942 ## - ADDED ENTRY ELEMENTS (KOHA)
Koha item type Books
100 ## - MAIN ENTRY--PERSONAL NAME
-- 25961
952 ## - LOCATION AND ITEM INFORMATION (KOHA)
-- 2026-01-16
-- 2026-01-16
952 ## - LOCATION AND ITEM INFORMATION (KOHA)
-- 2026-01-16
-- 2026-01-16
952 ## - LOCATION AND ITEM INFORMATION (KOHA)
-- 2026-01-16
-- 2026-01-16
952 ## - LOCATION AND ITEM INFORMATION (KOHA)
-- 2026-01-16
-- 2026-01-16
952 ## - LOCATION AND ITEM INFORMATION (KOHA)
-- 2026-01-16
-- 2026-01-16
952 ## - LOCATION AND ITEM INFORMATION (KOHA)
-- 2026-04-10
952 ## - LOCATION AND ITEM INFORMATION (KOHA)
-- 2026-04-10
952 ## - LOCATION AND ITEM INFORMATION (KOHA)
-- 2026-04-10
Holdings
Withdrawn status Lost status Source of classification or shelving scheme Damaged status Not for loan Location (home branch) Sublocation or collection (holding branch) Date acquired Koha full call number Accession No. Koha date last seen Koha item type Koha issues (times borrowed)
        Not For Loan Doon University Doon University 16.01.2026 005.8 SIN 51286 16.01.2026 Reference  
          Doon University Doon University 16.01.2026 005.8 SIN 51287 16.01.2026 Books  
          Doon University Doon University 16.01.2026 005.8 SIN 51288 16.01.2026 Books  
          Doon University Doon University 16.01.2026 005.8 SIN 51289 16.01.2026 Books  
          Doon University Doon University 16.01.2026 005.8 SIN 51290 16.01.2026 Books  
          Doon University Doon University 10.04.2026 005.8 SIN 53617 10.04.2026 Books  
          Doon University Doon University 10.04.2026 005.8 SIN 53618 10.04.2026 Books  
          Doon University Doon University 10.04.2026 005.8 SIN 53619 10.04.2026 Books  
Contact : +91-135-2533126 (Library),+91-135-2533105 (Admin Office) , Email : doonlibrary@gmail.com

Powered by Koha